Т. 4; Честь смолоду: роман; Собрание сочинений

Podrobná bibliografie
Parent link:Собрание сочинений: в 6 т./ А. А. Первенцев; Художник Е. Соколов. Т. 4. Честь смолоду.— , 1977-
Shrnutí:Исключено из фонда НТБ ТПУ
Jazyk:ruština
Vydáno: 1979
Médium: MixedMaterials Kniha
KOHA link:https://koha.lib.tpu.ru/cgi-bin/koha/opac-detail.pl?biblionumber=111881

MARC

LEADER 00000nam2a2200000 4500
001 111881
005 20231031121029.0
035 |a (RuTPU)RU\TPU\book\120841 
035 |a RU\TPU\book\120834 
090 |a 111881 
100 |a 20070321d1979 m y0rusy50 ca 
101 0 |a rus 
102 |a RU 
105 |a y z 000zy 
200 0 |a Т. 4  |a Честь смолоду  |e роман 
210 |d 1979 
215 |a 424 с. 
333 |a Исключено из фонда НТБ ТПУ 
461 1 |0 (RuTPU)RU\TPU\book\120828  |t Собрание сочинений  |o в 6 т.  |f А. А. Первенцев  |g Художник Е. Соколов  |v Т. 4. Честь смолоду  |d 1977- 
801 1 |a RU  |b 63413507  |c 20070321  |g PSBO 
801 2 |a RU  |b 63413507  |c 20221003  |g PSBO 
942 |c BK